01579nam a22001817a 4500003000400000005001700004008004100021040000700062100002800069245007800097260003500175300001900210500003100229505105900260650002601319650003001345650002201375OSt20220610134902.0180321b xxu||||| |||| 00| 0 spa d cPJ aTorres Gigena, Carlos 10aAsilo diplomático :bsu práctica y teoría / cCarlos Torres Gigena. aBuenos Aires :bLa Ley,c1960. a482 p.c24 cm. aNotas al pie de página.  aPRIMERA PARTE DEL ASILO EN GENERAL Capitulo I 1. Orígenes Capitulo II 1. Clasificación. SEGUNDA PARTE DEL ASILO DIPLOMATICO Capitulo I 1. Historia en la institución en Europa Capitulo II 1. Casos de asilos en que intervino la República Argentina. Capitulo III 1. Opiniones jurídicas. Capitulo IV 1. El asilo diplomático como derecho. Capitulo V 1. Del asilado. Capitulo VI 1. La clasificación del delito en el asilo diplomático. Capitulo VII 1. Lugares de asilo. Capitulo VIII 1. Obligaciones de la autoridad asilante.. Capitulo IX 1. Obligaciones del gobierno territorial. Capitulo X 1. Terminación del asilo diplomático. Capitulo XI 1. El asilo y el reconocimiento del gobierno de facto. Capitulo XII 1.El asilo diplomático ante organismos internacionales. TERCERA PARTE Capitulo XIII 1. Tratados, Convenciones y acuerdos proyectos oficiales de tratados y convenciones informes y debates en congresos internacionales controversias diplomáticas resoluciones de instituciones jurídicas. rTORRES GIGENAtASILO DIPLOMATICO 0aDERECHO INTERNACIONAL 0aRELACIONES DIPLOMÁTICAS 0aASILO DIPLOMATICO